Quizzes
Events
Quiz Creation
Community
Videos
Private Events
Remove Ads
Sign In
Join for FREE
Feedback
Dark Mode
Quiz Categories
Sports
Geography
Music
Movies
Television
Just For Fun
Miscellaneous
History
Literature
Language
Science
Gaming
Entertainment
Religion
Holiday
For Kids
Quiz Lab
Recent
Popular Today
Quiz Kudos Today
Editor Picks
Curator Picks
Quizzes by...
Day
Popularity
Type
Ratings
Length
Year
Community
Subscriptions
Recent Discussions
Orange Saloon
Badges
Playlists
Quests
Create
Leaderboards
Showdown
Live 5
Trivia Bingo
Activity
Puzzle Library
Sporcle Events
Private Events
Virtual Trivia
Globe League
Become a Host
Pub Owners
SporcleCon
Opinionation
Our Games
Videos
Blog
Mobile Apps
Partnerships
Remove Ads and Go Orange
Feedback
Sports
Athletes
MLB
NBA
NHL
NFL
Soccer
Sports Teams
WWE
NCAA
Football
Premier League
Basketball
Baseball
Hockey
Golf
Tennis
Cricket
Rugby
Auto Racing
Olympics
World Cup
Sports
Athletes
MLB
NBA
NHL
NFL
Soccer
Sports Teams
WWE
NCAA
Football
Premier League
Basketball
Baseball
Hockey
Golf
Tennis
Cricket
Rugby
Auto Racing
Olympics
World Cup
Random Quiz
Search Sporcle
×
Quiz Lab
Quiz Lab
Sports
NFL
Type in answers that appear in a list
Type in answers that appear in a list
Classic
Best Score? Go Orange.
2007 NFL Draft Stats
Can you name the 2007 First Round Draft Picks?
By
cjf2010
6m
32 Questions
497 Plays
497 Plays
497 Plays
Comments
Comments
Give Quiz Kudos
Give Quiz Kudos
-
- Ratings
hide this ad
Replay
Link that replays current quiz
Next Quiz
Link to next quiz in quiz playlist
You Got
0%
They Got
Avg Score
55%
Avg Friend Score
Upgrade to see
Score Distribution
Jump to the score distribution portion of the page
Score
0/32
Timer
06:00
0
Plays Today
Drafted By
Player
% Correct
Oakland Raiders
JaMarcus Russell
98.8%
Detroit Lions
Calvin Johnson
95.8%
Cleveland Browns
Joe Thomas
89.1%
Minnesota Vikings
Adrian Peterson
87.5%
Tampa Bay Buccaneers
Gaines Adams
77.9%
Washington Redskins
LaRon Landry
71.2%
Miami Dolphins
Ted Ginn
70.2%
Cleveland Browns
Brady Quinn
67.2%
New York Jets
Darrelle Revis
66.8%
San Francisco 49ers
Patrick Willis
66%
Buffalo Bills
Marshawn Lynch
65%
Arizona Cardinals
Levi Brown
64.2%
Indianapolis Colts
Anthony Gonzalez
57.3%
Houston Texans
Amobi Okoye
55.1%
Atlanta Falcons
Jamaal Anderson
49.7%
New England Patriots
Brandon Meriweather
48.9%
Drafted By
Player
% Correct
Cincinnati Bengals
Leon Hall
46.9%
Kansas City Chiefs
Dwayne Bowe
46.5%
New York Giants
Aaron Ross
45.7%
Carolina Panthers
Jon Beason
45.5%
Chicago Bears
Greg Olsen
44.9%
St. Louis Rams
Adam Carriker
43.7%
Tennessee Titans
Michael Griffin
43.7%
New Orleans Saints
Robert Meachem
43.3%
Pittsburgh Steelers
Lawrence Timmons
42.7%
San Diego Chargers
Craig Davis
41.2%
Dallas Cowboys
Anthony Spencer
34.6%
San Francisco 49ers
Joe Staley
34.2%
Jacksonville Jaguars
Reggie Nelson
31.2%
Baltimore Ravens
Ben Grubbs
30.4%
Green Bay Packers
Justin Harrell
28.4%
Denver Broncos
Jarvis Moss
28.4%
Quiz Playlist
Details
Report
Send in Message
Add To Playlist
Classic:
Type in answers that appear in a list
Last Updated: Feb 16, 2017
Quiz Scoreboard
CHALLENGE
Sign Up to Join the Scoreboard
Show All
Scores
Hide
Comments
May contain spoilers
Recently Published
NBA Finals Game Top Scorers (2010s)
by flibbidy
Sports
5m
Guess the 'R' Things in 3 Words
by MSUKent
Miscellaneous
3m
Actor to Badly Drawn Movie III
by MoMosMoProblems
Movies
5m
More to Explore
Quiz From the Vault
Featured Blog Post
Where Does Lost Luggage Go?
hide this ad
You Might Also Like...
Tags
NFL Quiz
2007
Draft
Player
round
school
Today's Top Quizzes in Sports
Browse Sports
hide this ad
Today's Top Quizzes in NFL
Browse NFL
Top Contributed Quizzes in Sports
1
Les joueurs à 100 buts en Ligue 1 Uber Eats
2
2022 World Cup Stars
3
2024 March Madness Bracket
4
Millionaire: NBA Finals Edition
5
Players with Multiple 50 Home Run Seasons
6
Criteria MLB: Left Handed Sluggers
7
Nickname Match: Athletes VI
8
Iconic Moments in Football - Multiple Choice
9
NFL MVPs ordered
10
NBA Championships Per City
Explore More
Trending Topics
NBA
Anime
Disney
Marvel
Kpop
Harry Potter
Crossword
Puzzle
Soccer
NFL
The Office
Song
Country
WWE
Pokémon
hide this ad
More By:
cjf2010
Quiz
Plays
Rating
Category
Featured
Created
Post Season Home Run Leaders
28,169
3.72
Sports
Mar 16, 2010
NFL WRs Colleges
923
3.60
Sports
Mar 20, 2010
NFL RBs Colleges
579
4.00
Sports
Mar 19, 2010
2007 NFL Draft
497
4.00
Sports
Mar 15, 2010
Go to Creator's Profile
Score Distribution
Quiz Creator Spotlight
cjf2010
Follow
Send a Message
Quizzes Created
-
Created Quiz Play Count
-
More By This Creator
Popular Quizzes Today
1
Find the US States - No Outlines Minefield
2
Find the US States
3
The Countries of the World
4
10 Largest US States in Order
5
Find the Countries of Europe - No Outlines Minefield
6
US States
7
Guess the 'R' Things in 3 Words
8
NBA Finals Game Top Scorers (2010s)
More Sports Quizzes
International Footballers: Blitz the Brazilians III
Quiz Lab
Trending Quizzes
First Name TV: Leading Men
Match the Book to the Film II
First Name TV: Leading Women Drama
Pick A Pair: Religious TV
Match the Book to the Film VI
Recently Updated
Women's Final Four Teams by Year
bhenderson79
Presidents Quartet II
eogle
Anything But Clue(do)
eogle
Anything But Oceanian Capitals
eogle
Anything But 7
eogle
Anything But Thing
eogle
Word Ladder: February 29
pecheneg
Song Title Questions
pecheneg
Women's NCAA Tournament #1 Seeds
pecheneg
Celebrity Mug Shots
pecheneg
Trending Topics
Crossword
Harry Potter
NBA
Disney
Kpop
Marvel
Anime
WWE
Puzzle
Country
NFL
Pokémon
The Office
Song
Soccer
Your Account Isn't Verified!
In order to create a playlist on Sporcle, you need to verify the email address you used during registration. Go to your
Sporcle Settings
to finish the process.
Report this User
Report this user for behavior that violates our
Community Guidelines
.
Details:
Send Report
Go to the Sporcle.com Mobile Site →
Comments